| 000 | 00449nam a22001577a 4500 | ||
|---|---|---|---|
| 999 |
_c40941 _d40941 |
||
| 003 | OSt | ||
| 005 | 20210127142341.0 | ||
| 008 | 210127b ||||| |||| 00| 0 eng d | ||
| 040 | _coclc | ||
| 082 |
_a491.2 _bWIL/E |
||
| 100 | _aWilliams, M Monier | ||
| 245 |
_aEnglish Sanskrit Dictionary / _cM Monier Williams |
||
| 260 |
_aDelhi: _bMotilal Banarsidass, |
||
| 300 | _a859p | ||
| 942 |
_cREF _2ddc _h491.2 _iWIL/E _k491.2 _mWIL/E |
||